000 00396nam a22001577a 4500
008 210407b ||||| |||| 00| 0 eng d
020 _a9781137608222
082 _a821.708
_bBLW
100 _aBlades John
245 _aWordsworth and Coleridge
_b: Lyrical Ballads
260 _aNew York
_bPalgrave Macmillan
_c2016
300 _axii, 291p.
650 _aENGLISH
942 _cBK
999 _c41077
_d41077
041 _aeng